banner-ar

الاحزاب الصغيرة و النظام الحزبى فى مصر / (Record no. 59971)

MARC details
000 -الفاتح
حقل البيانات ثابتة الطول 01253nam a22002777a 4500
005 - وقت وتاريخ اخر تعامل مع التسجيلة
رقم الضبط 20240530110346.0
008 - عناصر البيانات ثابتة الطول - معلومات عامة
حقل البيانات ثابتة الطول 141203s2003 ua fr 000 0 ara d
017 ## - رقم الايداع القانونى
رقم الايداع القانونى 13478/2003
المصدر ( الهيئة المختصة) مصر . دار الكتب المصرية
020 ## - الرقم الدولى المعيارى للكتب
الرقم الدولى المعيارى للكتاب 9772272407
040 ## - مصدر الفهرسة
وكالة الفهرسة الأصلية EG-CaGPL
041 0# - رمز اللغة
رمز لغة النص/ المسارات الصوتية أو العنوان الانفرادي ara
082 04 - رقم تصنيف ديوى العشرى
رقم الطبعة 21
رقم التصنيف 324.262
رقم المادة ق/ع أ
100 0# - المدخل الرئيسى - إسم شخصى
الإسم الشخصى عمرو هاشم ربيع
245 12 - بيان العنوان
العنوان الاحزاب الصغيرة و النظام الحزبى فى مصر /
بيان المسئوليه,etc تحرير عمرو هاشم ربيع ؛ المشاركون احمد عبدالحفيظ ... [ واخ . ]
260 ## - PUBLICATION, DISTRIBUTION, ETC. (IMPRINT)
تاريخ النشر أو التوزيع 2003
300 ## - الوصف المادى
التعداد 274 ص ؛
أبعاد الوعاء 24 سم
651 04 - المدخل الاضافى بالموضوع - اسم جغرافى
الاسم الجغرافي مصر
التقسيم الفرعي العام الاحزاب السياسية
651 04 - المدخل الاضافى بالموضوع - اسم جغرافى
الاسم الجغرافي مصر
التقسيم الفرعي العام الاحزاب السياسية الصغيرة
651 04 - المدخل الاضافى بالموضوع - اسم جغرافى
الاسم الجغرافي مصر
التقسيم الفرعي العام الاحزاب السياسية
التقسيم الفرعي الزمني قبل ثورة يوليو 1952
700 0# - المدخل الاضافى - اسم شخصى
الإسم الشخصى احمد عبدالحفيظ
الدور مؤلف مشارك
700 0# - المدخل الاضافى - اسم شخصى
الإسم الشخصى عاطف السعدوى
الدور مؤلف مشارك
700 0# - المدخل الاضافى - اسم شخصى
الإسم الشخصى حسين عبدالرازق
الدور مؤلف مشارك
700 0# - المدخل الاضافى - اسم شخصى
الإسم الشخصى رضا محمد هلال
الدور مؤلف مشارك
942 ## - عناصر المدخل الإضافي( كوها)
مصدر التصنيف او مخطط الترفيف Dewey Decimal Classification
Koha [default] item type كتاب
260 ## - PUBLICATION, DISTRIBUTION, ETC. (IMPRINT)
-- القاهره :
-- مركز الدراسات السياسية والاستراتيجية ،
Holdings
حالة التراجع حالة الفقد حالة تلف ليس للاعارة المكان المؤقت الموقع الحالى تاريخ الاكتساب اجمالي اﻻعارات رقم الطلب الباركود تاريخ اخر مشاهدة تاريخ تفعيل السعر نوع وعاء كوها
        مكتبة القاهرة الكبرى مكتبة القاهرة الكبرى 12/03/2014   324.262 ق/ع أ 158938 12/03/2014 12/03/2014 كتاب

Powered By

EGPV